000 00596nam a2200205Ia 4500
003 GCL
008 140319s9999 xx 000 0 ara d
040 _aGCL /
_cGCL
082 0 4 _a219.3
_bم ا
100 1 _aمحمد عمارة
245 1 0 _aالاسلام وفلسفة الحكم /
_cمحمد عمارة
260 _a[S.N] :
_bدار الشروق ،
_c1989
300 _a611 ص
490 _a
650 0 4 _aالاسلام
650 0 4 _aالاسلام ونظام الحكم
650 0 4 _aالاسلام والمجتمع
650 0 4 _aالاسلام والسياسة
942 _2ddc
_cBK
999 _c30068
_d30068